EU Cities with 1 million pop metro - Statistics

General Stats
  • This quiz has been taken 66 times
    55 since last reset
  • The average score is 35 of 43
Answer Stats
Hint Answer % Correct
10,858,874 Paris
100%
1,114,745 Amsterdam
98%
4,683,311 Barcelona
98%
3,677,472 Berlin
98%
6,415,809 Madrid
98%
3,274,499 Milan
98%
2,624,148 Rotterdam-The Hague
98%
2,440,027 Stockholm
98%
3,100,844 Warsaw
98%
2,276,385 Lisbon
96%
4,323,664 Rome
96%
2,259,669 Bucharest
94%
1,752,286 Budapest
94%
1,693,159 lyon
94%
1,487,708 Munich
94%
3,168,846 Athens
91%
1,222,637 Brussels
91%
1,345,562 Copenhagen
91%
1,982,442 Vienna
91%
1,073,096 Cologne
89%
1,853,935 Hamburg
89%
1,618,479 Marseille
89%
1,785,405 Porto
89%
1,301,432 Prague
89%
1,274,290 Sofia
89%
2,246,423 Turin
89%
1,278,124 Helsinki
87%
3,076,675 Naples
87%
1,173,179 Dublin
85%
1,716,191 Valencia
85%
1,498,499 Krakow
79%
1,245,826 Palermo
72%
1,000,111 Florence
64%
1,053,636 Lille
64%
1,047,829 Toulouse
64%
1,080,770 Gdañsk
57%
1,017,225 Bologna
53%
5,293,914 Katowice
53%
1,234,487 Sevilla
53%
1,031,439 Wroclaw
53%
1,029,021 Poznañ
49%
1,222,171 Bari
38%
1,101,463 Catania
34%
No matching quizzes found
Score Distribution
Percent of People with Each Score
Percentile by Number Answered
Your Score History
You have not taken this quiz since the last reset